Bad Dad Jokes! V Quiz Stats

 Plays Quiz Updated Mar 20, 2018

Score 0/18 Timer 04:00
0 Plays Today
% Correct
...but I've never met herbivore
94.4%
Lunch and dinner.
94.1%
No, I don't think they'll fit me
94.1%
No, I'm half left.
94.1%
They were cooked in Greece.
94.1%
On a live stream.
93.4%
Those who can count and those who can't.
93.4%
He'll be Bach.
93.2%
It was the darkest time of my life.
92.9%
% Correct
The teacher just woke him up.
92.5%
He was traveling light.
92%
Hand-eyeeeeeeeeeeeeeeeee!!!
91.4%
Because that's how good they are.
91.3%
GRAAAAAINS!
91.3%
Nope, I'm totally confident I want to eat here.
90.6%
A second hand store.
89.4%
It's just a waist of space.
89.4%
I know he means well.
85.2%

You're not logged in!

Compare scores with friends on all Sporcle quizzes.
OR
Log In

Sporcle TV

Today on Sporcle TV


Watch our educational content, quiz creation guides, and fun videos on Sporcle TV.

Show Comments

Extras

Top Quizzes Today


Score Distribution

Your Account Isn't Verified!

In order to create a playlist on Sporcle, you need to verify the email address you used during registration. Go to your Sporcle Settings to finish the process.

Report this User

Report this user for behavior that violates our Community Guidelines.

Details: